1562 1358 1425 1175 1360 1548 1294 1330 1282 1140 1029 1135 1243 1087 1402 1236 1275 1967 1853 1230 1207 1789 1314 1227 1515 1804 1220 1709 1896 1547 1397 1261 1378 1372 1369 1444 1381 1078 1351 1290 1672 1411 1033 1356 1916 1226 1686 1985 1714 1295 1959 1660 1972 1034 1043 1189 1419 1608 1720 1381 1867 1948 1094 1617 1289 1892 1652 1588 1289 1946 1948 1047 1737 1820 1620 1091 1809 1039 1972 1711 1569 1508 1153 1844 1718 1776 1926 1033 1480 1118 1054 1586 1248 1766 1281 1480 1078 1070 1083 BCNSPRNW ULIB Ver.6.0+V

เปลี่ยนเป็นภาษาไทย

Change to English
 แสดงรายละเอียดบรรณานุกรม
  กลับหน้าหลัก

Brief Record : Get Marc (ISO 2709) : E-mail record : QR code < ปิดหน้าต่าง
LEADER : 00000nam 2200000uu 4500
001    13399120465
003     ULIB
008    120920s2550||||th 000 0 tha d
020    ^a9789748826196
060 04 ^aWB935^bม443ข 2550
100 0  ^aมานพ ประภาษานนท์
245 10 ^aแข็งแรง-อายุยืนเกิน 100 ด้วยวิธีรักษาสุขภาพแบบองค์รวม /^cมานพ ประภาษานนท์
250    ^aพิมพ์ครั้งที่ 1
260    ^aกรุงเทพฯ :^bชบา พับลิชชิ่ง เวิร์กส,^c2550
300    ^a176 หน้า :^bภาพประกอบ ;^c19 ซม.
650  7 ^aการดูแลตนเอง
650  7 ^aการดูแลสุขภาพด้วยตนเอง
650  7 ^aสุขภาพ
945    ^p150^l0^i14484
945    ^p150^l0^i14485
995    ^aกัณชพร
999 ^a ใช้งานได้ทุกระบบ
รายการนี้ยังไม่มีแท็ก
คุณยังไม่ได้ล็อกอิน คุณสามารถมีกิจกรรมร่วมกับเว็บไซต์ได้ แต่ต้องล็อกอินก่อน ::
  ล็อกอิน

รายการสื่อสารสนเทศ

ลำดับที่ ประเภท เลขเรียก/บาร์โค้ด สถานที่ สถานะ
1. วิทยาศาสตร์การแพทย์ และสุขภาพ
วิทยาศาสตร์การแพทย์ และสุขภาพ
WB935 ม443ข 2550  
  Barcode: 14484
ห้องสมุดวิทยาเขตสวรรค์ประชารักษ์
►ส่วนจัดเก็บหนังสือเก่า สปร
บนชั้น
  ขอยืม
2. วิทยาศาสตร์การแพทย์ และสุขภาพ
วิทยาศาสตร์การแพทย์ และสุขภาพ
WB935 ม443ข 2550 ฉ.2 
  Barcode: 14485
ห้องสมุดวิทยาเขตสวรรค์ประชารักษ์
►ส่วนจัดเก็บหนังสือเก่า สปร
บนชั้น
  ขอยืม

รายการใกล้เคียง
    ผู้แต่ง [มานพ ประภาษานนท์]

    หัวเรื่อง [การดูแลตนเอง]
    หัวเรื่อง [การดูแลสุขภาพด้วยตนเอง]
    หัวเรื่อง [สุขภาพ]

BibComment


ยังไม่เคยถูกคอมเมนท์

คอมเมนท์ทรัพยากรรายการนี้
  คอมเมนท์: แข็งแรงอายุยืนเก..


 Copyright 2026. Bcnsprnw @Library